Every 25/26 Team in the Top 5 Europe Leagues - Statistics

General Stats
  • This quiz has been taken 508 times
  • The average score is 67 of 96
Answer Stats
Answer % Correct
Manchester City
98%
Manchester United
98%
Arsenal
96%
Aston Villa
96%
Liverpool
96%
Chelsea
95%
Tottenham Hotspur
95%
Real Madrid
94%
Borussia Dortmund
93%
FC Bayern München
93%
Wolverhampton Wanderers
93%
Barcelona
92%
Paris Saint-Germain
92%
Newcastle United
91%
West Ham United
91%
Everton
90%
AC Milan
89%
Atlético Madrid
89%
Inter Milan
89%
Brighton & Hove Albion
88%
Crystal Palace
88%
Sunderland
88%
Bayer Leverkusen
86%
Brentford
86%
Leeds United
86%
Burnley
85%
Juventus
85%
Fulham
84%
Nottingham Forest
84%
Olympique Lyonnais
84%
AFC Bournemouth
83%
Napoli
82%
Olympique de Marseille
81%
Roma
81%
Athletic Club
80%
RB Leipzig
79%
Real Sociedad
79%
Valencia
79%
Villarreal
78%
Hamburger SV
77%
Real Betis
77%
VfL Wolfsburg
77%
AS Monaco
76%
Eintracht Frankfurt
76%
Sevilla
76%
Lazio
71%
LOSC Lille
71%
VfB Stuttgart
71%
1. FC Union Berlin
70%
Atalanta
70%
1. FC Köln
69%
Borussia Mönchengladbach
69%
Getafe
67%
Paris FC
67%
TSG 1899 Hoffenheim
66%
1. FSV Mainz 05
65%
Como
65%
Girona
65%
RC Lens
64%
Espanyol
63%
Fiorentina
63%
OGC Nice
63%
Torino
63%
Werder Bremen
63%
Mallorca
62%
SC Freiburg
62%
Bologna
61%
FC St. Pauli
60%
Stade Rennais FC
59%
Stade Brestois
58%
FC Nantes
57%
Celta Vigo
56%
Rayo Vallecano
56%
FC Augsburg
55%
Sassuolo
55%
Alavés
52%
Udinese
52%
Osasuna
51%
Genoa
50%
Levante
50%
Parma
50%
Verona
50%
Cagliari
49%
Toulouse FC
48%
Real Oviedo
47%
AJ Auxerre
44%
Cremonese
44%
Elche
44%
Pisa
42%
Lecce
41%
FC Lorient
35%
FC Metz
35%
Le Havre AC
35%
RC Strasbourg
24%
1. FC Heidenheim
22%
Angers SCO
12%
No matching quizzes found
Score Distribution
Percent of People with Each Score
Percentile by Number Answered
Your Score History
You have not taken this quiz